000 00845nas a2200265 4500
001 BR0803823
003 BR-BrBNA
005 20231205112329.0
007 ta
008 230509b bl.|||p| |||| 00| 00por d
040 _aBR-BrBNA
_bpor
_cBiblioteca Nacional de Agricultura
041 _a(En)
072 _aF30; H10
100 1 _aPinto, F. de O.
100 1 _aMaluf, M.P.
100 1 _aGuerreiro-Filho, O.
245 1 _aStudy of simple sequence repeat markers from coffee expressed sequences associated to leaf miner resistance
650 _aCAFÉ
650 _aBICHO MINEIRO
650 _aMARCADOR GENÉTICO
650 _aVARIEDADE RESISTENTE
773 0 _tPesquisa Agropecuária Brasileira (Brazil)
_xISSN 0100-204X
_g(Mar 2007), v. 42(3) p. 377-384
_wBR0803823
909 _a202311
_bLúcia
_c55
_dLúcia Elande
942 _2AGRIS
_n0
_cANA
999 _c197472
_d197472